[Event "Poznan op 26th"]
[Site "Poznan"]
[Date "2018.08.22"]
[Round "5"]
[White "Wloch, Mikolaj"]
[Black "Szuminski, Marek"]
[Result "1/2-1/2"]
[WhiteElo "1772"]
[BlackElo "1942"]
[PlyCount "48"]
[EventDate "2018.08.19"]
[EventType "swiss"]
[EventRounds "9"]
[EventCountry "POR"]
[SourceTitle "CBM 186 Extra"]
[Source "ChessBase"]
[SourceDate "2018.08.24"]
[SourceVersion "1"]
[SourceVersionDate "2018.08.24"]
[SourceQuality "1"]

1. e4 c5 2. Nf3 d6 3. d4 cxd4 4. Nxd4 Nf6 5. Nc3 a6 6. Be2 e5 7. Nb3 Be6 8. Be3 Nbd7 9. 0-0 Be7 10. h3 Rc8 11. Qd2 0-0 12. f4 b5 13. Bf3 Nb6 14. Na5 Qc7 15. f5 Bd7 16. Rac1 Nc4 17. Nxc4 Qxc4 18. Qd3 Qxd3 19. cxd3 Bc6 20. a3 a5 21. b4 axb4 22. axb4 Bd7 23. g4 h6 24. Bd2 Bd8 1/2-1/2

[Event "POL-chT3 Wielkopolskie 1516"]
[Site "Poland"]
[Date "2016.01.17"]
[Round "2.26"]
[White "Szuminski, Marek"]
[Black "Cenkier, Robert"]
[Result "0-1"]
[WhiteElo "1959"]
[BlackElo "1922"]
[PlyCount "70"]
[EventDate "2016.01.10"]
[EventType "team-tourn"]
[EventRounds "11"]
[EventCountry "POL"]
[SourceTitle "EXT 2019"]
[Source "ChessBase"]
[SourceDate "2018.10.10"]
[SourceVersion "1"]
[SourceVersionDate "2018.10.10"]
[SourceQuality "1"]

1. d4 d5 2. c4 c6 3. Nf3 Nf6 4. Nc3 e6 5. Bg5 dxc4 6. e3 b5 7. a4 Bb4 8. Be2 Nbd7 9. 0-0 Qb6 10. Qc2 Bb7 11. e4 a6 12. Be3 c5 13. e5 Nd5 14. Ne4 0-0 15. Rad1 f5 16. exf6 N5xf6 17. dxc5 Nxc5 18. Nxf6+ gxf6 19. Rd4 Qc7 20. axb5 axb5 21. Bxc4 bxc4 22. Rxc4 Qg7 23. Rf4 Na6 24. h3 h5 25. Nh4 Rac8 26. Qe2 Qh7 27. Ra1 Rc6 28. Qb5 Bd6 29. Rfa4 Rfc8 30. Qb3 Bc5 31. Ra5 Bxe3 32. Qxe3 Qf7 33. Qh6 Nc5 34. b4 Nb3 35. Rxh5 Rc1+ 0-1

[Event "POL-chT3 Wielkopolskie 1415"]
[Site "Poland"]
[Date "2015.02.01"]
[Round "6.1"]
[White "Szuminski, Marek"]
[Black "Kempinski, Tomasz"]
[Result "1/2-1/2"]
[WhiteElo "1980"]
[BlackElo "2196"]
[PlyCount "108"]
[EventDate "2014.11.30"]
[EventType "team-tourn"]
[EventRounds "11"]
[EventCountry "POL"]
[SourceTitle "EXT 2019"]
[Source "ChessBase"]
[SourceDate "2018.10.10"]
[SourceVersion "1"]
[SourceVersionDate "2018.10.10"]
[SourceQuality "1"]

1. d4 d5 2. Nf3 c6 3. c4 Nf6 4. e3 e6 5. Nbd2 Be7 6. Bd3 0-0 7. 0-0 c5 8. dxc5 Bxc5 9. b3 Nc6 10. Bb2 b6 11. Rc1 Bb7 12. Qe2 Qe7 13. Ne5 Nxe5 14. Bxe5 Rad8 15. Rfd1 Ba3 16. Rc2 Nd7 17. Bb2 Bxb2 18. Rxb2 Nc5 19. Bb1 Qf6 20. Rc2 dxc4 21. Nxc4 Qg5 22. f3 Rxd1+ 23. Qxd1 b5 24. h4 Qh6 25. Qd4 bxc4 26. Qxc5 cxb3 27. axb3 Qxh4 28. Rc1 Qg3 29. Qc2 g6 30. Qe2 Rd8 31. Rd1 Rc8 32. Bd3 Bd5 33. Bc4 Bxc4 34. bxc4 Qc7 35. Rc1 Qc5 36. Qd3 Rc6 37. Kf2 Rd6 38. Qc3 e5 39. Rb1 a6 40. Rb8+ Kg7 41. Re8 f6 42. Re7+ Kh6 43. Rb7 Rc6 44. Qc1 Rc7 45. Rxc7 Qxc7 46. c5 Kg7 47. Qc4 Qc6 48. Qb4 Qd5 49. Qc3 Qc6 50. Qb4 Kf7 51. Qb6 Qd5 52. c6 Qd2+ 53. Kg3 Qe1+ 54. Kh2 Qh4+ 1/2-1/2

[Event "POL-chT 3rd League Wielkopolska 12/13"]
[Site "Poznan"]
[Date "2013.03.10"]
[Round "10.26"]
[White "Banach, Szymon"]
[Black "Szuminski, Marek"]
[Result "1/2-1/2"]
[WhiteElo "1809"]
[BlackElo "2002"]
[PlyCount "77"]
[EventDate "2012.11.25"]
[EventType "team-tourn"]
[EventRounds "11"]
[EventCountry "POL"]
[SourceTitle "EXT 2014"]
[Source "ChessBase"]
[SourceDate "2013.11.20"]
[SourceVersion "1"]
[SourceVersionDate "2013.11.20"]
[SourceQuality "1"]
[WhiteTeam "Gniezno LKS Chrobry II"]
[BlackTeam "Poznan Lech"]
[WhiteTeamCountry "POL"]
[BlackTeamCountry "POL"]

1. e4 c5 2. Nc3 Nc6 3. f4 d6 4. Nf3 g6 5. Bc4 Bg7 6. 0-0 e6 7. d3 Nge7 8. Qe1 a6 9. a4 0-0 10. Qh4 Nd4 11. Nxd4 Bxd4+ 12. Kh1 Nc6 13. Qh3 Bg7 14. Ne2 Rb8 15. c3 b5 16. axb5 axb5 17. Bb3 d5 18. f5 exf5 19. exf5 b4 20. Ba4 Qe8 21. Ng3 bxc3 22. bxc3 Bxc3 23. Ra2 Rb6 24. Bg5 f6 25. Bf4 Qe7 26. Bh6 Rd8 27. Bxc6 Rxc6 28. Qh4 Qf7 29. Qa4 Rc7 30. fxg6 hxg6 31. Raf2 Bd4 32. Rf4 Re7 33. Bg5 Rd6 34. Rxd4 cxd4 35. Qxd4 Ree6 36. Bd2 Bb7 37. Bb4 Rd8 38. Ne4 dxe4 39. Qxd8+ 1/2-1/2

[Event "POL-chT 3rd League Wielkopolska 12/13"]
[Site "Poznan"]
[Date "2013.02.24"]
[Round "8.20"]
[White "Tomczak, Michal"]
[Black "Szuminski, Marek"]
[Result "1-0"]
[WhiteElo "2072"]
[BlackElo "2002"]
[PlyCount "43"]
[EventDate "2012.11.25"]
[EventType "team-tourn"]
[EventRounds "11"]
[EventCountry "POL"]
[SourceTitle "EXT 2014"]
[Source "ChessBase"]
[SourceDate "2013.11.20"]
[SourceVersion "1"]
[SourceVersionDate "2013.11.20"]
[SourceQuality "1"]
[WhiteTeam "Srem LKS Piast"]
[BlackTeam "Poznan Lech"]
[WhiteTeamCountry "POL"]
[BlackTeamCountry "POL"]

1. e4 c5 2. d4 cxd4 3. c3 dxc3 4. Nxc3 Nc6 5. Nf3 d6 6. Bc4 e6 7. 0-0 Be7 8. Bf4 Nf6 9. Qe2 e5 10. Be3 0-0 11. h3 Na5 12. Bd3 b6 13. Rfd1 Be6 14. Rac1 Rc8 15. b3 Bd7 16. Ba6 Rc7 17. Bg5 Kh8 18. Bxf6 gxf6 19. b4 Nb7 20. Nd5 Rxc1 21. Rxc1 Bc8 22. Rc7 1-0

[Event "POL-chT 3rd League Wielkopolska 12/13"]
[Site "Poznan"]
[Date "2013.01.06"]
[Round "5.26"]
[White "Hanusek, Sebastian"]
[Black "Szuminski, Marek"]
[Result "1/2-1/2"]
[WhiteElo "2048"]
[BlackElo "2002"]
[PlyCount "40"]
[EventDate "2012.11.25"]
[EventType "team-tourn"]
[EventRounds "11"]
[EventCountry "POL"]
[SourceTitle "EXT 2014"]
[Source "ChessBase"]
[SourceDate "2013.11.20"]
[SourceVersion "1"]
[SourceVersionDate "2013.11.20"]
[SourceQuality "1"]
[WhiteTeam "Wolsztyn UKS Szach"]
[BlackTeam "Poznan Lech"]
[WhiteTeamCountry "POL"]
[BlackTeamCountry "POL"]

1. e4 c5 2. Nf3 e6 3. d4 cxd4 4. Nxd4 a6 5. Be3 Nf6 6. f3 Qc7 7. Nd2 Be7 8. Bc4 0-0 9. Qe2 b5 10. Bb3 Bb7 11. Qf2 Nc6 12. a4 Nxd4 13. Bxd4 Rfc8 14. axb5 axb5 15. 0-0 e5 16. Bb6 Qb8 17. Be3 d5 18. exd5 Bxd5 19. Kh1 Bxb3 20. Nxb3 Nd5 1/2-1/2

[Event "POL-chT3 Wielkopolska 1112"]
[Site "Poland"]
[Date "2012.??.??"]
[Round "10.14"]
[White "Meczynski, Waldemar"]
[Black "Szuminski, Marek"]
[Result "1/2-1/2"]
[WhiteElo "2130"]
[BlackElo "2020"]
[PlyCount "87"]
[EventDate "2011.11.27"]
[EventType "team-tourn"]
[EventRounds "11"]
[EventCountry "POL"]
[SourceTitle "EXT 2014"]
[Source "ChessBase"]
[SourceDate "2013.11.20"]
[SourceVersion "1"]
[SourceVersionDate "2013.11.20"]
[SourceQuality "1"]
[WhiteTeam "Konin Hetman"]
[BlackTeam "Poznan Lech"]
[WhiteTeamCountry "POL"]
[BlackTeamCountry "POL"]

1. e4 c5 2. Nf3 e6 3. d4 cxd4 4. Nxd4 a6 5. Bd3 Bc5 6. Nb3 Ba7 7. 0-0 Nc6 8. Qe2 d6 9. Be3 Nf6 10. Bxa7 Rxa7 11. c4 b6 12. Nc3 0-0 13. Rad1 e5 14. Nd5 Be6 15. f4 exf4 16. Rxf4 Bxd5 17. exd5 Ne5 18. Bb1 g6 19. Nd4 Nh5 20. Re4 Rc7 21. b3 Ng7 22. Re1 f5 23. Re3 Qf6 24. Nf3 Ng4 25. Re7 Rxe7 26. Qxe7 Re8 27. Qxf6 Rxe1+ 28. Nxe1 Nxf6 29. h3 a5 30. Kf2 Kf7 31. Ke3 Nd7 32. a3 Kf6 33. b4 axb4 34. axb4 g5 35. Kd4 h5 36. h4 gxh4 37. Nf3 h3 38. gxh3 Nb8 39. c5 bxc5+ 40. bxc5 dxc5+ 41. Kxc5 Ne8 42. Nd4 f4 43. h4 Nd7+ 44. Kc4 1/2-1/2

[Event "POL-chT3 Wielkopolska 1112"]
[Site "Poland"]
[Date "2012.??.??"]
[Round "8.20"]
[White "Szuminski, Marek"]
[Black "Glatty, Zbigniew"]
[Result "1/2-1/2"]
[WhiteElo "2020"]
[BlackElo "1944"]
[PlyCount "59"]
[EventDate "2011.11.27"]
[EventType "team-tourn"]
[EventRounds "11"]
[EventCountry "POL"]
[SourceTitle "EXT 2014"]
[Source "ChessBase"]
[SourceDate "2013.11.20"]
[SourceVersion "1"]
[SourceVersionDate "2013.11.20"]
[SourceQuality "1"]
[WhiteTeam "Poznan Lech"]
[BlackTeam "Steszew Lipno"]
[WhiteTeamCountry "POL"]
[BlackTeamCountry "POL"]

1. d4 d5 2. c4 c6 3. Nf3 Bf5 4. Nc3 e6 5. e3 Nf6 6. Ne5 h6 7. Be2 Nbd7 8. Nxd7 Nxd7 9. 0-0 Be7 10. f3 dxc4 11. Bxc4 Nb6 12. Be2 Bf6 13. Qb3 e5 14. dxe5 Bxe5 15. Rd1 Qe7 16. a4 0-0 17. a5 Be6 18. Qc2 Nd5 19. Nxd5 Bxd5 20. Ra4 Rfd8 21. f4 Bc7 22. e4 Be6 23. Rxd8+ Rxd8 24. Be3 a6 25. g3 Bb8 26. Bc5 Bd6 27. Bb6 Bc7 28. Bc5 Bd6 29. Bb6 Bc7 30. Bc5 1/2-1/2

[Event "Poznan op 21th"]
[Site "Poznan"]
[Date "2011.08.06"]
[Round "1"]
[White "Szuminski, Marek"]
[Black "Adamczyk, Wieslaw"]
[Result "0-1"]
[WhiteElo "2066"]
[BlackElo "1606"]
[PlyCount "60"]
[EventDate "2011.08.06"]
[EventType "swiss"]
[EventRounds "9"]
[EventCountry "POL"]
[SourceTitle "CBM 143 Extra"]
[Source "ChessBase"]
[SourceDate "2011.08.29"]
[SourceVersion "1"]
[SourceVersionDate "2011.08.29"]
[SourceQuality "1"]

1. d4 Nf6 2. c4 c5 3. d5 b5 4. cxb5 a6 5. bxa6 g6 6. Nc3 Bxa6 7. g3 d6 8. Bg2 Bg7 9. Nf3 0-0 10. 0-0 Nbd7 11. Re1 Nb6 12. e4 Nfd7 13. Bf4 Nc4 14. Qc2 Rb8 15. Rab1 Nde5 16. Nxe5 Nxe5 17. Red1 Qa5 18. Bxe5 Bxe5 19. Bf1 Bc8 20. a4 f5 21. Bd3 f4 22. Nb5 Bh3 23. b3 Rf7 24. Bf1 Bd7 25. Bc4 Rbf8 26. Rd2 g5 27. Qd1 fxg3 28. fxg3 Bh3 29. Qc2 Qb4 30. Qa2 Qxc4 0-1

[Event "POL-chT 2st League"]
[Site "Mrzezyno"]
[Date "2010.09.06"]
[Round "3.93"]
[White "Kielbratowski, Aleksander"]
[Black "Szuminski, Marek"]
[Result "1/2-1/2"]
[WhiteElo "2122"]
[BlackElo "2091"]
[PlyCount "70"]
[EventDate "2010.09.04"]
[EventType "team-swiss"]
[EventRounds "9"]
[EventCountry "POL"]
[SourceTitle "EXT 2019"]
[Source "ChessBase"]
[SourceDate "2018.10.10"]
[SourceVersion "1"]
[SourceVersionDate "2018.10.10"]
[SourceQuality "1"]
[WhiteTeam "Lubsko Caissa"]
[BlackTeam "Poznan Lech"]
[WhiteTeamCountry "POL"]
[BlackTeamCountry "POL"]

1. e4 c5 2. Nf3 e6 3. d4 cxd4 4. Nxd4 a6 5. c4 Nf6 6. Nc3 d6 7. Be3 Be7 8. f3 0-0 9. Qd2 e5 10. Nc2 Be6 11. b3 Nbd7 12. Be2 Rc8 13. 0-0 Ne8 14. Rac1 f5 15. Rfd1 f4 16. Bf2 Nef6 17. Nb4 Kh8 18. Nbd5 Nxd5 19. Nxd5 Bxd5 20. Qxd5 b6 21. b4 Qe8 22. Rc2 Rc7 23. Rdc1 Nf6 24. Qd3 Qb8 25. a4 a5 26. c5 dxc5 27. bxc5 Bxc5 28. Bxc5 Rxc5 29. Qa6 Rxc2 30. Rxc2 Qd6 31. Rc8 Rd8 32. Qb7 Qd4+ 33. Kf1 Qa1+ 34. Kf2 Qd4+ 35. Kf1 Qa1+ 1/2-1/2

[Event "Poznan op-A 18th"]
[Site "Poznan"]
[Date "2009.07.24"]
[Round "6"]
[White "Szuminski, Marek"]
[Black "Magnucka, Milena"]
[Result "1/2-1/2"]
[WhiteElo "2094"]
[BlackElo "2070"]
[PlyCount "89"]
[EventDate "2009.07.19"]
[EventType "swiss"]
[EventRounds "9"]
[EventCountry "POL"]
[SourceTitle "CBM 131 Extra"]
[Source "ChessBase"]
[SourceDate "2009.09.03"]
[SourceVersion "2"]
[SourceVersionDate "2009.09.16"]
[SourceQuality "1"]

1. d4 d6 2. c4 g6 3. Nc3 Bg7 4. e4 Nf6 5. Nf3 0-0 6. Be2 e5 7. 0-0 Nbd7 8. Be3 h6 9. dxe5 dxe5 10. Nd2 Re8 11. Qc2 Bf8 12. Rfd1 c6 13. Rab1 Qc7 14. b4 b6 15. a3 Bb7 16. Nb3 Rad8 17. c5 bxc5 18. bxc5 Nb8 19. Nd2 Ba6 20. Nc4 Bxc4 21. Bxc4 Ng4 22. Qe2 Nxe3 23. Qxe3 Rxd1+ 24. Rxd1 Nd7 25. Na4 Kg7 26. g3 Nf6 27. Bb3 Qa5 28. Qd3 Qb5 29. Qc2 Rb8 30. Ba2 Qa5 31. Qc4 Rb7 32. Kg2 Qb5 33. Qc2 Rd7 34. Rxd7 Nxd7 35. Bc4 Qa5 36. Qb3 Nxc5 37. Nxc5 Qxc5 38. a4 Qe7 39. a5 Qc7 40. a6 Bc5 41. Qd3 Qd6 42. Qf3 Qd7 43. Qe2 Bb6 44. Qc2 Qd4 45. Qe2 1/2-1/2

[Event "Poznan op-A 18th"]
[Site "Poznan"]
[Date "2009.07.19"]
[Round "1"]
[White "Tomczak, Jacek"]
[Black "Szuminski, Marek"]
[Result "1-0"]
[WhiteElo "2447"]
[BlackElo "2094"]
[PlyCount "75"]
[EventDate "2009.07.19"]
[EventType "swiss"]
[EventRounds "9"]
[EventCountry "POL"]
[SourceTitle "CBM 131 Extra"]
[Source "ChessBase"]
[SourceDate "2009.09.03"]
[SourceVersion "2"]
[SourceVersionDate "2009.09.16"]
[SourceQuality "1"]

1. e4 c5 2. Nf3 e6 3. d4 cxd4 4. Nxd4 a6 5. Bd3 Bc5 6. Nb3 Ba7 7. Qg4 Nf6 8. Qg3 d6 9. Nc3 Nc6 10. Bg5 h6 11. Bd2 Ne5 12. Be2 b5 13. f4 Ng6 14. a3 0-0 15. 0-0-0 Qc7 16. Bd3 Kh8 17. Rhe1 e5 18. f5 Ne7 19. Qh4 Neg8 20. g4 Nh7 21. Qg3 g5 22. h4 f6 23. Nd5 Qf7 24. Bb4 Rd8 25. c4 Bb7 26. cxb5 Bxd5 27. exd5 Qxd5 28. Bf1 gxh4 29. Rxd5 hxg3 30. bxa6 Rac8+ 31. Kb1 Ng5 32. Bg2 Nf7 33. Rb5 Bf2 34. Rd1 Kg7 35. Rb7 Kf8 36. Nd2 Ke8 37. Ne4 d5 38. Bf1 1-0

[Event "POL-chT 2nd League"]
[Site "Ustron"]
[Date "2008.09.14"]
[Round "9.82"]
[White "Szuminski, Marek"]
[Black "Swiatnicki, Andrzej"]
[Result "1-0"]
[WhiteElo "2062"]
[BlackElo "2192"]
[PlyCount "113"]
[EventDate "2008.09.06"]
[EventType "team-swiss"]
[EventRounds "9"]
[EventCountry "POL"]
[SourceTitle "EXT 2015"]
[Source "ChessBase"]
[SourceDate "2014.11.20"]
[SourceVersion "1"]
[SourceVersionDate "2014.11.20"]
[SourceQuality "1"]
[WhiteTeam "Poznan Lech"]
[BlackTeam "Konin Hetman"]
[WhiteTeamCountry "POL"]
[BlackTeamCountry "POL"]

1. d4 d5 2. c4 c6 3. Nf3 e6 4. e3 Nf6 5. Bd3 Nbd7 6. Nbd2 Bd6 7. 0-0 0-0 8. e4 dxe4 9. Nxe4 Nxe4 10. Bxe4 h6 11. Bc2 Re8 12. Qd3 Nf8 13. b3 b6 14. Bb2 Bb7 15. Rad1 Qe7 16. Rfe1 Rad8 17. Ne5 c5 18. Qe3 Qg5 19. Qxg5 hxg5 20. dxc5 Bxc5 21. Rxd8 Rxd8 22. Rd1 Rxd1+ 23. Bxd1 Be4 24. Bf3 Bxf3 25. Nxf3 f6 26. h3 e5 27. Kf1 Ne6 28. g3 e4 29. Ne1 f5 30. Nc2 f4 31. Ba3 Bxa3 32. Nxa3 Nd4 33. Nb1 Nf5 34. Nc3 Nd6 35. Nd5 fxg3 36. fxg3 Kf7 37. g4 Ke6 38. Ke2 Ke5 39. Nc7 Kd4 40. Ne6+ Kc3 41. Nxg7 Kb2 42. Nf5 Nf7 43. b4 Kxa2 44. c5 bxc5 45. bxc5 Nd8 46. Nd4 Nb7 47. c6 Nd6 48. c7 Kb2 49. Nb5 Nc8 50. Nxa7 Nxa7 51. Ke3 Kc3 52. Kxe4 Kc4 53. Kf5 Kd5 54. Kxg5 Kd6 55. h4 Kxc7 56. Kf6 Kd7 57. h5 1-0

[Event "POL-chT 2nd League"]
[Site "Ustron"]
[Date "2008.09.11"]
[Round "5.82"]
[White "Szuminski, Marek"]
[Black "Czarnecki, Wojciech"]
[Result "0-1"]
[WhiteElo "2062"]
[BlackElo "2056"]
[PlyCount "48"]
[EventDate "2008.09.06"]
[EventType "team-swiss"]
[EventRounds "9"]
[EventCountry "POL"]
[SourceTitle "EXT 2015"]
[Source "ChessBase"]
[SourceDate "2014.11.20"]
[SourceVersion "1"]
[SourceVersionDate "2014.11.20"]
[SourceQuality "1"]
[WhiteTeam "Poznan Lech"]
[BlackTeam "Pilzno GKSz Hetman"]
[WhiteTeamCountry "POL"]
[BlackTeamCountry "POL"]

1. d4 d5 2. c4 c6 3. Nf3 Nf6 4. e3 g6 5. Nc3 Bg7 6. Bd3 0-0 7. 0-0 Bf5 8. Re1 Ne4 9. Qc2 Nxc3 10. bxc3 Bxd3 11. Qxd3 Nd7 12. e4 Nb6 13. exd5 cxd5 14. c5 Nc4 15. Bf4 e6 16. h4 h5 17. Ng5 b6 18. cxb6 axb6 19. g4 Qf6 20. Qg3 hxg4 21. Qxg4 Ra3 22. Qg3 Qf5 23. Re2 Bxd4 24. Rc1 Bxc3 0-1

[Event "POL-chT 2nd League"]
[Site "Ustron"]
[Date "2008.09.08"]
[Round "3.34"]
[White "Szuminski, Marek"]
[Black "Rams, Michal"]
[Result "1/2-1/2"]
[WhiteElo "2062"]
[BlackElo "2244"]
[PlyCount "39"]
[EventDate "2008.09.06"]
[EventType "team-swiss"]
[EventRounds "9"]
[EventCountry "POL"]
[SourceTitle "EXT 2015"]
[Source "ChessBase"]
[SourceDate "2014.11.20"]
[SourceVersion "1"]
[SourceVersionDate "2014.11.20"]
[SourceQuality "1"]
[WhiteTeam "Poznan Lech"]
[BlackTeam "Warszawa YMCA"]
[WhiteTeamCountry "POL"]
[BlackTeamCountry "POL"]

1. d4 e6 2. c4 f5 3. g3 Nf6 4. Bg2 d5 5. Qc2 c6 6. Nf3 Bd6 7. Bf4 Bxf4 8. gxf4 0-0 9. Nbd2 Ne4 10. e3 Nd7 11. h4 Qe7 12. a3 a5 13. Ne5 Rf6 14. Ndf3 Nf8 15. 0-0-0 Bd7 16. Rdg1 Be8 17. Ne1 Bh5 18. Bxe4 fxe4 19. Rg5 Rf5 20. f3 1/2-1/2

[Event "Poznan op-A 17th"]
[Site "Poznan"]
[Date "2008.07.20"]
[Round "2"]
[White "Szuminski, Marek"]
[Black "Wojtkowski, Pawel"]
[Result "1/2-1/2"]
[WhiteElo "2062"]
[BlackElo "2000"]
[PlyCount "28"]
[EventDate "2008.07.19"]
[EventType "swiss"]
[EventRounds "9"]
[EventCountry "POL"]
[SourceTitle "EXT 2009"]
[Source "ChessBase"]
[SourceDate "2008.11.26"]
[SourceVersion "1"]
[SourceVersionDate "2008.11.26"]
[SourceQuality "1"]

1. d4 Nf6 2. c4 e6 3. Nc3 Bb4 4. Qc2 0-0 5. a3 Bxc3+ 6. Qxc3 b6 7. f3 d5 8. e3 Ba6 9. Bd3 Nbd7 10. cxd5 Nxd5 11. Qc2 Bxd3 12. Qxd3 c5 13. e4 N5f6 14. Be3 cxd4 1/2-1/2

[Event "Poznan op-A 17th"]
[Site "Poznan"]
[Date "2008.07.19"]
[Round "1"]
[White "Chojnacki, Krzysztof"]
[Black "Szuminski, Marek"]
[Result "1-0"]
[WhiteElo "2416"]
[BlackElo "2062"]
[PlyCount "115"]
[EventDate "2008.07.19"]
[EventType "swiss"]
[EventRounds "9"]
[EventCountry "POL"]
[SourceTitle "EXT 2009"]
[Source "ChessBase"]
[SourceDate "2008.11.26"]
[SourceVersion "1"]
[SourceVersionDate "2008.11.26"]
[SourceQuality "1"]

1. e4 c5 2. Nf3 e6 3. d4 cxd4 4. Nxd4 a6 5. Bd3 Bc5 6. Nb3 Ba7 7. Qg4 Nf6 8. Qg3 d6 9. 0-0 e5 10. Nc3 Be6 11. Kh1 Nbd7 12. Be2 Rc8 13. f4 0-0 14. f5 Bc4 15. Bh6 Ne8 16. Bxc4 Rxc4 17. Rad1 Kh8 18. Bg5 f6 19. Bc1 b5 20. Qd3 Qc8 21. Nd5 Nb6 22. c3 Nxd5 23. Qxd5 Bb6 24. Rf3 Qc6 25. Qxc6 Rxc6 26. Rfd3 Rf7 27. g4 h6 28. Kg2 Kg8 29. Na1 a5 30. a3 Rd7 31. Nc2 Kf7 32. Kf3 Nc7 33. h4 Ke7 34. Be3 Bxe3 35. Nxe3 Rd8 36. R3d2 Rc5 37. g5 hxg5 38. hxg5 fxg5 39. Kg4 Ne8 40. Kxg5 Nf6 41. Kg6 Nxe4 42. Nd5+ Kd7 43. Rh2 Re8 44. Rh7 Kc6 45. Ne3 Nf2 46. Rd2 Ne4 47. Re2 d5 48. Ng4 Kd6 49. Rxg7 Ng3 50. Rg2 Nf1 51. f6 Rcc8 52. Rf2 Ng3 53. f7 Rf8 54. Rf6+ Ke7 55. Nxe5 Nh5 56. Nc6+ Rxc6 57. Rxc6 Nxg7 58. Rc7+ 1-0

[Event "Poznan op 16th"]
[Site "Poznan"]
[Date "2007.07.26"]
[Round "6"]
[White "Nowak, Rafal"]
[Black "Szuminski, Marek"]
[Result "1-0"]
[WhiteElo "2009"]
[BlackElo "2065"]
[PlyCount "87"]
[EventDate "2007.07.21"]
[EventType "swiss"]
[EventRounds "9"]
[EventCountry "POL"]
[SourceTitle "EXT 2010"]
[Source "ChessBase"]
[SourceDate "2010.11.25"]
[SourceVersion "1"]
[SourceVersionDate "2010.11.25"]
[SourceQuality "1"]

1. e4 c5 2. Nf3 e6 3. d4 cxd4 4. Nxd4 a6 5. Nc3 Qc7 6. Bd3 Nf6 7. 0-0 Bc5 8. Nb3 Be7 9. f4 d6 10. a4 b6 11. Bd2 Bb7 12. Qe2 Nbd7 13. Rae1 e5 14. Nd5 Nxd5 15. exd5 Bxd5 16. Bc3 0-0 17. Bxh7+ Kxh7 18. Qd3+ g6 19. Qxd5 f6 20. Kh1 Rac8 21. f5 g5 22. Re3 Qc4 23. Qd1 Kg7 24. Nd4 Rh8 25. Ne6+ Kf7 26. b3 Qc6 27. Rf2 Rh4 28. Kg1 Rch8 29. g3 R4h6 30. Bb4 Nc5 31. Bxc5 bxc5 32. Rd3 c4 33. bxc4 Qxc4 34. Rxd6 Rb8 35. Rd7 Qc6 36. Qd5 Qxd5 37. Rxd5 Rhh8 38. Rd7 Rhe8 39. Rfd2 Rec8 40. Ra7 Ke8 41. Rdd7 Ba3 42. Rh7 Rb1+ 43. Kg2 Rxc2+ 44. Kh3 1-0

[Event "Poznan op-B 16th"]
[Site "Poznan"]
[Date "2007.07.25"]
[Round "5"]
[White "Szuminski, Marek"]
[Black "Glatty, Zbigniew"]
[Result "1-0"]
[WhiteElo "2065"]
[BlackElo "2019"]
[PlyCount "75"]
[EventDate "2007.07.21"]
[EventType "swiss"]
[EventRounds "9"]
[EventCountry "POL"]
[SourceTitle "EXT 2023"]
[Source "ChessBase"]
[SourceDate "2022.10.05"]
[SourceVersion "1"]
[SourceVersionDate "2022.10.05"]
[SourceQuality "1"]

1. d4 Nf6 2. c4 g6 3. Nc3 Bg7 4. e4 d6 5. Nf3 0-0 6. Be2 e5 7. 0-0 Nc6 8. d5 Ne7 9. Ne1 Nd7 10. Nd3 f5 11. Bd2 Nf6 12. f3 f4 13. c5 g5 14. Rc1 Ng6 15. cxd6 cxd6 16. Nf2 h5 17. h3 Rf7 18. Qb3 Bf8 19. Rc2 Rg7 20. Rfc1 a6 21. a4 b6 22. Na2 Nh4 23. Be1 g4 24. hxg4 hxg4 25. fxg4 Bxg4 26. Nxg4 Nxg4 27. Qh3 Nxg2 28. Bxg4 Ne3 29. Rg2 Nxg4 30. Rxg4 Raa7 31. Bh4 Qe8 32. Bf6 Rg6 33. Kf2 Rh7 34. Rxg6+ Qxg6 35. Qe6+ Qf7 36. Rg1+ Bg7 37. Qxf7+ Kxf7 38. Rxg7+ 1-0

[Event "Poznan op 15th"]
[Site "Poznan"]
[Date "2006.07.27"]
[Round "6"]
[White "Chlost, Marlena"]
[Black "Szuminski, Marek"]
[Result "1-0"]
[WhiteElo "2132"]
[BlackElo "2101"]
[PlyCount "53"]
[EventDate "2006.07.22"]
[EventType "swiss"]
[EventRounds "9"]
[EventCountry "POL"]
[SourceTitle "EXT 2008"]
[Source "ChessBase"]
[SourceDate "2007.11.25"]
[SourceVersion "1"]
[SourceVersionDate "2007.11.25"]
[SourceQuality "1"]

1. e4 c5 2. Nf3 e6 3. d4 cxd4 4. Nxd4 a6 5. Bd3 Bc5 6. Nb3 Ba7 7. Qg4 Nf6 8. Qg3 d6 9. Nc3 Nc6 10. Bg5 h6 11. Bd2 Ne5 12. Be2 b5 13. f4 Nc4 14. e5 Nxd2 15. Nxd2 dxe5 16. fxe5 b4 17. exf6 bxc3 18. Ne4 gxf6 19. Qg7 Rf8 20. Nxf6+ Ke7 21. bxc3 Qc7 22. Nh7 Rg8 23. Qf6+ Ke8 24. Bh5 Qe7 25. Rf1 Rg7 26. Qxg7 Qh4+ 27. g3 1-0

[Event "Poznan op 15th"]
[Site "Poznan"]
[Date "2006.07.24"]
[Round "3"]
[White "Szuminski, Marek"]
[Black "Stypka, Zbigniew"]
[Result "1-0"]
[WhiteElo "2101"]
[BlackElo "2013"]
[PlyCount "57"]
[EventDate "2006.07.22"]
[EventType "swiss"]
[EventRounds "9"]
[EventCountry "POL"]
[SourceTitle "EXT 2008"]
[Source "ChessBase"]
[SourceDate "2007.11.25"]
[SourceVersion "1"]
[SourceVersionDate "2007.11.25"]
[SourceQuality "1"]

1. d4 Nf6 2. Nf3 g6 3. c4 Bg7 4. Nc3 0-0 5. e4 d6 6. Be2 e5 7. 0-0 Nc6 8. d5 Ne7 9. b4 Nh5 10. Re1 f5 11. Nd2 Nf6 12. c5 Bh6 13. Bf3 c6 14. cxd6 Qxd6 15. Nc4 Qxb4 16. Bxh6 Rd8 17. Bg5 Kf7 18. Nxe5+ Kg7 19. Qc2 h6 20. Bxf6+ Kxf6 21. Nd3 Qc4 22. exf5 Qh4 23. Ne4+ Kxf5 24. g4+ Qxg4+ 25. Bxg4+ Kxg4 26. Qe2+ Kh3 27. Qf3+ Kh4 28. Qg3+ Kh5 29. Nf4# 1-0